| 000 | 01187nam a22002657a 4500 | ||
|---|---|---|---|
| 005 | 20170124102936.0 | ||
| 010 | _aA-736723 | ||
| 020 | _c125.00 | ||
| 035 | _aA-736723 | ||
| 037 | _bCen Lib/Ret | ||
| 040 |
_aDPL _bHN |
||
| 082 |
_a809.89282 _bजयप्र |
||
| 100 |
_aजयप्रकाश भारती _9105750 |
||
| 245 |
_aबाल साहित्य : _cजयप्रकाश भारती _bइक्कीसवी सदी में / |
||
| 246 |
_aBaal sahtiya : ekkisvee sadi main / _bby Jayprakash Bharti |
||
| 260 |
_aदिल्ली _bअभिरुचि प्रकाशन _c1995 |
||
| 270 |
_bदिल्ली _a३/११४, कर्ण गली, विश्वास नगर, शाहदरा _e110032 |
||
| 300 |
_a158पृ. _c19सेमी(सजिल्द ) |
||
| 500 | _aसन्दर्भ शामिल | ||
| 650 |
_aहिंदी साहित्य _x _9105751 |
||
| 650 |
_aहिंदी बाल साहित्य _9258 |
||
| 650 |
_aHindi children's literature _9105752 |
||
| 650 |
_aHindi langugage _9105753 |
||
| 942 |
_2ddc _cHN _h809.89282 _mजयप्र |
||
| 999 |
_c112277 _d112277 |
||